Country focus (Record no. 78907)
[ view plain ]
| 000 -LEADER | |
|---|---|
| fixed length control field | 01101cab a22002055a 4500 |
| 001 - CONTROL NUMBER | |
| control field | L138547 |
| 008 - FIXED-LENGTH DATA ELEMENTS--GENERAL INFORMATION | |
| fixed length control field | 070620e20070615xxkd s 000 0 eng d |
| 035 ## - SYSTEM CONTROL NUMBER | |
| System control number | (Sirsi) u138547 |
| 041 0# - LANGUAGE CODE | |
| Language code of text/sound track or separate title | eng |
| 100 1# - MAIN ENTRY--PERSONAL NAME | |
| Personal name | Vasko, Miroslav |
| 245 00 - TITLE STATEMENT | |
| Title | Country focus |
| Remainder of title | Czech Republic |
| 260 ## - PUBLICATION, DISTRIBUTION, ETC. | |
| Date of publication, distribution, etc. | 2007 |
| 490 ## - SERIES STATEMENT | |
| Series statement | Building Magazine |
| Volume/sequential designation | 15 June 2007 |
| 520 ## - SUMMARY, ETC. | |
| Summary, etc. | Reports the current economic situation. Its impact on the property market and the construction industry are analysed. The economy experienced strong growth in 2005 and 2006, but consumer inflation has been low this year at just 2.6%. This is seen as a result of low wage inflation in the labour market. The property market is generally buoyant, with the residential sector experiencing the greatest construction boom since 1989. The construction industry continues to enjoy stable growth. Construction costs are rising, and there are substantial increases in material prices. Stable growth is predicted for the future. |
| 590 ## - LOCAL NOTE (RLIN) | |
| Local note | KA |
| 651 #4 - SUBJECT ADDED ENTRY--GEOGRAPHIC NAME | |
| Geographic name | Czech Republic |
| 690 ## - LOCAL SUBJECT ADDED ENTRY--TOPICAL TERM (OCLC, RLIN) | |
| Topical term or geographic name as entry element | PROPERTY-PROPERTY MARKET |
| 700 1# - ADDED ENTRY--PERSONAL NAME | |
| Personal name | Cermak, Pavel |
| 942 ## - ADDED ENTRY ELEMENTS (KOHA) | |
| Suppress in OPAC | 0 |
| Withdrawn status | Lost status | Source of classification or shelving scheme | Damaged status | Not for loan | Home library | Current library | Shelving location | Date acquired | Total Checkouts | Full call number | Barcode | Date last seen | Copy number | Price effective from | Koha item type |
|---|---|---|---|---|---|---|---|---|---|---|---|---|---|---|---|
| Dewey Decimal Classification | London | London | Journal article | 20/06/2007 | L138547 | 138547-1001 | 06/08/2019 | 1 | 06/08/2019 | Journal article |